000 00608nam a2200193Ia 4500
005 20250508163750.0
008 008 250505s9999 xx 000 0 eng d
020 _a92-803-1187-5
037 _aTextual
040 _aFEDL
_beng
_cFEDL
041 _aeng
_2eng
084 _a379.11, BRA
_qFEDL
100 _aBray Mark
245 0 _aShadow education system: Private tutoring and its implication for planners
260 _aParis, France
_bUnited Nations Educational, Scientific and Cultural Organization
_c1999
300 _a97p
942 _cTEXL
_h379.11, BRA
999 _c1385138
_d1385138